| 000 | 00861nas a2200289 4500 | ||
|---|---|---|---|
| 001 | BR0003245 | ||
| 003 | BR-BrBNA | ||
| 005 | 20231205101921.0 | ||
| 007 | ta | ||
| 008 | 230509b bl.|||p| |||| 00| 00por d | ||
| 040 |
_aBR-BrBNA _bpor _cBiblioteca Nacional de Agricultura |
||
| 041 | _a(Pt) | ||
| 072 | _aQ04 | ||
| 100 | 1 | _aPereira, M.C.T. | |
| 100 | 1 | _aSalomao, L.C.C. | |
| 100 | 1 | _aMota, W.F. da | |
| 100 | 1 | _aVieira, G. | |
| 245 | 1 | _aAtributos fisicos e quimicos de frutos de oito clones de jabuticabeiras | |
| 650 | _aJabuticaba | ||
| 650 | _aFruto | ||
| 650 | _aCaracteristicas Agronomicas | ||
| 650 | _aClone | ||
| 650 | _aMinas Gerais | ||
| 773 | 0 |
_tRevista Brasileira de Fruticultura (Brazil) _xISSN 0100-2945 _g(Jul 2000), v. 22(special number) p. 16-21 _wBR0003245 |
|
| 909 |
_a202311 _bLúcia _c55 _dLúcia Elande |
||
| 942 |
_2AGRIS _n0 _cANA |
||
| 999 |
_c164704 _d164704 |
||